Statistiques concernant Sélection de tuile - Les Nombres

Cliquez ici pour prendre le quiz!

Statistiques générales

  • Ce quiz a été pris 21 fois
  • Le résultat moyen est 29 sur 45

Statistiques - réponses

QuestionTuileSelect% Correct
nombre carré300Non
94%
nombre carré322Non
89%
nombre carré404Non
89%
diviseur de 2683Non
83%
diviseur de 2685Non
83%
diviseur de 26858Non
83%
multiple de 17107Non
78%
multiple de 17108Non
78%
nombre cube155Non
78%
diviseur de 2684Oui
78%
nombre cube433Non
78%
multiple de 1756Non
78%
diviseur de 2687Non
78%
multiple de 1787Non
78%
multiple de 1797Non
78%
multiple de 17154Non
72%
nombre carré256Oui
72%
multiple de 1734Oui
72%
nombre premier710Non
72%
nombre carré810Non
72%
nombre carré900Oui
72%
nombre cube125Oui
67%
diviseur de 268134Oui
67%
multiple de 17136Oui
67%
nombre premier363Non
67%
nombre cube800Non
67%
multiple de 1785Oui
67%
nombre cube0Oui
61%
nombre premier123Non
61%
nombre cube256Non
61%
diviseur de 26867Oui
61%
diviseur de 2688Non
61%
nombre premier149Oui
56%
diviseur de 26816Non
56%
nombre premier233Oui
56%
nombre carré289Oui
50%
nombre premier679Non
50%
nombre cube512Oui
44%
nombre carré441Oui
39%
nombre cube343Oui
33%
nombre carré361Oui
33%
nombre premier467Oui
33%
nombre premier643Oui
33%
nombre cube216Oui
28%
nombre premier901Non
28%

Distribution des résultats

Percentile par nombre de réponses

% des personnes avec chaque résultat

Votre développement - résultats

Vous n’avez pas pris ce quiz